Pays finissant par le son [ a ] - Statistiques

Statistiques générales
  • Ce quiz a été pris 294 fois
  • Le résultat moyen est 14 sur 21
Statistiques - réponses
Continent Pays % Correct
Amérique Canada
86%
Afrique Angola
82%
Amérique Panama
79%
Amérique Cuba
74%
Amérique Guatemala
73%
Amérique Nicaragua
73%
Amérique Costa Rica
72%
Afrique Ghana
67%
Amérique Guyana
66%
Océanie Tonga
66%
Amérique Venezuela
66%
Afrique Rwanda
65%
Océanie Samoa
64%
Amérique Antigua-et-Barbuda
63%
Afrique Botswana
60%
Afrique Kenya
60%
Afrique Liberia
57%
Afrique Ouganda
57%
Afrique Nigeria
56%
Europe Pays-Bas
38%
Asie Sri Lanka
37%
Aucun quiz correspondant
Distribution des résultats
% des personnes avec chaque résultat
Percentile par nombre de réponses
Votre historique - résultats
Vous n’avez pas pris ce quiz